Histoire du drapeau du Panama - Statistiques

Statistiques générales
  • Ce quiz a été pris 9 fois
  • Le résultat moyen est 5 sur 13
Statistiques - réponses
Hint Réponse % Correct
Troisième drapeau du Panama (drapeau actuel depuis 2017)
75%
Premier drapeau de la Nouvelle-Grenade (1510-1717)
75%
Premier drapeau des États-Unis de Colombie (1863)
50%
Troisième drapeau de la Nouvelle-Grenade (1785-1819)
50%
Deuxième drapeau de la Nouvelle-Grenade (1717-1785)
50%
Deuxième drapeau du Panama (1925-2017)
38%
Deuxième drapeau des États-Unis de Colombie (1863-1886)
38%
Premier drapeau du Panama (1903-1925)
38%
République de la Nouvelle-Grenade (1831-1858) et confédération Grenadine (1858-1863)
25%
Troisième drapeau de la Grande Colombie (1821-1831)
13%
Premier drapeau de la Grande Colombie (1819-1820)
13%
Deuxième drapeau de la Grande Colombie (1820-1821)
13%
Département du Panama (1886-1903)
13%
Aucun quiz correspondant
Distribution des résultats
% des personnes avec chaque résultat
Percentile par nombre de réponses
Votre historique - résultats
Vous n’avez pas pris ce quiz